First Ladies Quiz Stats

 Plays Quiz Updated Jan 20, 2021

Support Sporcle.
Go Orange.
Score 0/54 Timer 10:00
16 Plays Today
President First Lady % Correct
Bill ClintonHillary Rodham Clinton
93.5%
Barack ObamaMichelle Robinson Obama
91.5%
George WashingtonMartha Dandridge Custis Washington
91.4%
Thomas JeffersonMartha Jefferson Randolph
91.4%
Donald TrumpMelania Trump
89.5%
George H. W. BushBarbara Pierce Bush
88.6%
George W. BushLaura Welch Bush
88.1%
Joe BidenJill Biden
88%
Ronald ReaganNancy Davis Reagan
87.9%
John F. KennedyJacqueline Bouvier Kennedy
87.2%
Franklin D. RooseveltAnna Eleanor Roosevelt
84.9%
Abraham LincolnMary Todd Lincoln
84.3%
Chester A. ArthurMary Arthur McElroy
84.3%
Benjamin HarrisonMary Harrison McKee
84.3%
Lyndon B. JohnsonClaudia Taylor 'Lady Bird' Johnson
75%
Harry S. TrumanElizabeth Virginia Wallace Truman
74.3%
Gerald R. FordBetty Bloomer Ford
73.3%
John AdamsAbigail Adams
70.7%
Millard FillmoreAbigail Powers Fillmore
70.7%
Richard NixonThelma Catherine 'Pat' Ryan Nixon
69.7%
Andrew JohnsonEliza McCardle Johnson
65.2%
James MonroeElizabeth Kortright Monroe
63.5%
Dwight D. EisenhowerMamie Doud Eisenhower
61.8%
Andrew JacksonSarah Yorke Jackson
58.1%
James K. PolkSarah Childress Polk
58.1%
William Henry HarrisonAnna Tuthill Symmes Harrison
57.1%
William Henry HarrisonJane Irwin Harrison
55.8%
President First Lady % Correct
Franklin PierceJane Means Appleton Pierce
55.8%
Thomas JeffersonDolley Madison
52.1%
James MadisonDolley Madison
52.1%
Jimmy CarterRosalynn Smith Carter
51.4%
Grover ClevelandRose Cleveland
49.6%
Herbert HooverLou Henry Hoover
48.2%
Zachary TaylorMargaret Mackall Smith Taylor
47.7%
Theodore RooseveltEdith Kermit Carow Roosevelt
45.8%
Woodrow WilsonEdith Bolling Galt Wilson
45.8%
William Howard TaftHelen Herron Taft
44%
Ulysses S. GrantJulia Dent Grant
43.8%
John TylerJulia Gardiner Tyler
43.8%
Rutherford B. HayesLucy Webb Hayes
43%
Grover ClevelandFrances Folsom Cleveland Preston
42.8%
Grover ClevelandFrances Folsom Cleveland Preston
42.8%
Woodrow WilsonEllen Louise Axson Wilson
42.3%
Calvin CoolidgeGrace Anna Goodhue Coolidge
41.4%
Benjamin HarrisonCaroline Lavinia Scott Harrison
39.1%
Andrew JacksonEmily Donelson
37.9%
John Quincy AdamsLouisa Catherine Johnson Adams
37.5%
James BuchananHarriet Lane
36.8%
William McKinleyIda Saxton McKinley
36.8%
Warren G. HardingFlorence Kling Harding
33.8%
James A. GarfieldLucretia Rudolph Garfield
33.1%
John TylerLetitia Christian Tyler
30.5%
John TylerPriscilla Cooper Tyler
26%
Martin Van BurenAngelica Singleton Van Buren
25.7%

You're not logged in!

Compare scores with friends on all Sporcle quizzes.
OR
Log In

From the Vault

30 Facts That Start with 'E'

by QuizzleMyShizzle

Fun Fact: The letter 'E' is lactose intolerant. At least, that's what we heard.
Remove Ads.
Support Sporcle.
Get the best of Sporcle when you Go Orange. This ad-free experience offers more features, more stats, and more fun while also helping to support Sporcle. Thank you for becoming a member.

Show Comments

Extras

Top Quizzes Today


Score Distribution

Your Account Isn't Verified!

In order to create a playlist on Sporcle, you need to verify the email address you used during registration. Go to your Sporcle Settings to finish the process.

Report this User

Report this user for behavior that violates our Community Guidelines.

Details: